Music Quiz

Random Music or Album Quiz

Songs on Taylor Swift's Red Quiz Stats

Quiz Updated Mar 1, 2013

Challenge
Share
Tweet
Embed
Score 0/16 Timer 04:00
1 Play Today
Track # Song Name % Correct
2Red
95.9%
4I Knew You Were Trouble
82.7%
8We Are Never Ever Getting Back Together
81.2%
622
80.1%
1State of Grace
71.2%
16Begin Again
68.9%
9Stay Stay Stay
66.5%
5All Too Well
66.2%
Track # Song Name % Correct
3Treacherous
65.6%
15Starlight
64.3%
14Everything Has Changed
64.2%
11Holy Ground
60.7%
10The Last Time
60.5%
13The Lucky One
59.6%
7I Almost Do
59%
12Sad Beautiful Tragic
54.2%

You're not logged in!

Compare scores with friends on all Sporcle quizzes.
Join for Free
OR
Log In

You Might Also Like...

Show Comments

Extras

Top Quizzes Today


Score Distribution

Your Account Isn't Verified!

In order to create a playlist on Sporcle, you need to verify the email address you used during registration. Go to your Sporcle Settings to finish the process.

Report this User

Report this user for behavior that violates our Community Guidelines.

Details: